|
|
|
|
| LEADER |
00000ny a22000003n 4500 |
| 005 |
20110622122741.0 |
| 008 |
091222s2006 po 000 0 por d |
| 020 |
|
|
|a 9789727490547
|
| 035 |
|
|
|a 1816
|
| 040 |
|
|
|a BUS
|d vLex
|
| 090 |
|
|
|c 998
|d 998
|
| 100 |
1 |
|
|a Leitó, Helder Martins
|
| 245 |
1 |
0 |
|a Das Valn̊cias Substantiva, Declarativa e Executiva na Acȯ́ de Despejo
|h [Recurso electrn̤ico]
|c Helder Martins Leitó
|
| 250 |
|
|
|a 4® ed.
|
| 256 |
|
|
|a Servicio en ln̕ea
|
| 260 |
|
|
|a Portugal :
|b Almeida & Leitó,
|c 2006
|
| 300 |
|
|
|a 1 recurso electrn̤ico (158 p.)
|
| 506 |
1 |
|
|a Contenido solo disponible en los productos indicados
|d vLex Global
|d vLex Global (Academic Edition, excluding Law Schools)
|d vLex Global (U.S. Academic Edition, Law Schools)
|d vLex Global (U.S. Academic Edition, excluding Law Schools)
|d vLex Global (Academic Edition, Law Schools)
|
| 650 |
0 |
4 |
|a Arrendamiento
|
| 650 |
0 |
4 |
|a Contrato de arrendamiento
|
| 740 |
0 |
|
|a vLex Libros (Servicios en ln̕ea)
|
| 856 |
4 |
0 |
|z Acceso restringido
|u http://vlex.com/source/1816
|
| 942 |
|
|
|c BOOK
|
| 999 |
0 |
|
|a Leases
|